[Event "POL-chT 2nd League"]
[Site "Ustron"]
[Date "2008.09.12"]
[Round "7.100"]
[White "Lusio, Marek"]
[Black "Obiedzinski, Pawel"]
[Result "1/2-1/2"]
[WhiteElo "1824"]
[BlackElo "2008"]
[PlyCount "42"]
[EventDate "2008.09.06"]
[EventType "team-swiss"]
[EventRounds "9"]
[EventCountry "POL"]
[SourceTitle "EXT 2015"]
[Source "ChessBase"]
[SourceDate "2014.11.20"]
[SourceVersion "1"]
[SourceVersionDate "2014.11.20"]
[SourceQuality "1"]
[WhiteTeam "Kosienice LKS"]
[BlackTeam "Lomza Devo Maraton"]
[WhiteTeamCountry "POL"]
[BlackTeamCountry "POL"]

1. d4 d5 2. c4 e6 3. Nc3 Nf6 4. Bg5 Be7 5. e3 0-0 6. Nf3 Nbd7 7. Bd3 dxc4 8. Bxc4 a6 9. 0-0 b5 10. Bb3 Bb7 11. Rc1 c5 12. Bxf6 Bxf6 13. a3 cxd4 14. Nxd4 Qe7 15. Bc2 Rfd8 16. Ne4 Be5 17. f4 Bc7 18. Ng5 Nf6 19. Qe2 Bb6 20. Rfd1 Rac8 21. Ngf3 g6 1/2-1/2

[Event "POL-chT 2nd League"]
[Site "Ustron"]
[Date "2008.09.06"]
[Round "1.88"]
[White "Obiedzinski, Pawel"]
[Black "Sliwerski, Radoslaw"]
[Result "1/2-1/2"]
[WhiteElo "2008"]
[BlackElo "2165"]
[PlyCount "43"]
[EventDate "2008.09.06"]
[EventType "team-swiss"]
[EventRounds "9"]
[EventCountry "POL"]
[SourceTitle "EXT 2015"]
[Source "ChessBase"]
[SourceDate "2014.11.20"]
[SourceVersion "1"]
[SourceVersionDate "2014.11.20"]
[SourceQuality "1"]
[WhiteTeam "Lomza Devo Maraton"]
[BlackTeam "Miedzyborow Wrzos"]
[WhiteTeamCountry "POL"]
[BlackTeamCountry "POL"]

1. d4 Nf6 2. Bg5 e6 3. Nd2 c5 4. e3 Be7 5. c3 b6 6. f4 0-0 7. Bd3 Ba6 8. Bxa6 Nxa6 9. Ngf3 cxd4 10. exd4 Nc7 11. Ne5 Nfd5 12. Bxe7 Qxe7 13. Qf3 d6 14. Ng4 e5 15. fxe5 dxe5 16. dxe5 f5 17. Ne3 Rae8 18. 0-0-0 Nxe3 19. Qxe3 Qxe5 20. Qxe5 Rxe5 21. Rhe1 Rfe8 22. Nf3 1/2-1/2

[Event "Zlota Wieza op 49th"]
[Site "Gniezno"]
[Date "2007.05.26"]
[Round "9"]
[White "Obiedzinski, Pawel"]
[Black "Banasik, Krzysztof"]
[Result "1-0"]
[WhiteElo "1982"]
[BlackElo "2212"]
[PlyCount "143"]
[EventDate "2007.05.20"]
[EventType "swiss"]
[EventRounds "9"]
[EventCountry "POL"]
[SourceTitle "EXT 2011"]
[Source "ChessBase"]
[SourceDate "2010.11.26"]
[SourceVersion "1"]
[SourceVersionDate "2010.11.26"]
[SourceQuality "1"]

1. d4 Nf6 2. Bg5 c5 3. e3 Ne4 4. Bf4 Qb6 5. Nc3 Qa5 6. Nge2 d6 7. f3 Nf6 8. Nc1 cxd4 9. exd4 Nc6 10. Bb5 Nd5 11. Nb3 Qb4 12. a3 Nxc3 13. axb4 Nxd1 14. d5 Bd7 15. dxc6 bxc6 16. Ba6 Nxb2 17. Bc1 Rb8 18. Bxb2 Rxb4 19. Bc3 Rb8 20. Bd3 Rb7 21. 0-0 e5 22. Rfb1 Be7 23. Nd2 Rxb1+ 24. Rxb1 Bd8 25. Rb8 Ke7 26. Kf1 g6 27. Ra8 f6 28. Rxa7 Bb6 29. Rb7 Bc5 30. Nb3 Be3 31. Na5 Ke6 32. Nc4 Bc5 33. Nb6 Bxb6 34. Rxb6 Ra8 35. Ba6 f5 36. Ke2 Kd5 37. Bb4 Ke6 38. Kd2 g5 39. Bb5 Rc8 40. Bc4+ d5 41. Ba6 Ra8 42. Bb7 Rb8 43. Bc5 Kf7 44. Bd6 Re8 45. Bxc6 Bxc6 46. Rxc6 e4 47. Bc5 f4 48. Rd6 Re5 49. Rd7+ Kg6 50. Re7 e3+ 51. Ke2 Rf5 52. Bd4 Rf8 53. Re6+ Kf5 54. Re5+ Kg6 55. Rxd5 Rc8 56. Rc5 Rd8 57. Bxe3 fxe3 58. Kxe3 Rd1 59. Rc3 h5 60. Rd3 Re1+ 61. Kf2 Rc1 62. Rd2 h4 63. Ke3 Kf5 64. Kd4 Rh1 65. h3 Ke6 66. Kc5 Rb1 67. c4 Rb3 68. Kc6 Rb8 69. Kc7 Rb3 70. c5 Rb1 71. c6 Rb3 72. Kc8 1-0

[Event "Zlota Wieza op 49th"]
[Site "Gniezno"]
[Date "2007.05.24"]
[Round "7"]
[White "Obiedzinski, Pawel"]
[Black "Malec, Radoslaw"]
[Result "1-0"]
[WhiteElo "1982"]
[BlackElo "1915"]
[PlyCount "43"]
[EventDate "2007.05.20"]
[EventType "swiss"]
[EventRounds "9"]
[EventCountry "POL"]
[SourceTitle "EXT 2011"]
[Source "ChessBase"]
[SourceDate "2010.11.26"]
[SourceVersion "1"]
[SourceVersionDate "2010.11.26"]
[SourceQuality "1"]

1. d4 d5 2. Bg5 Nf6 3. Nd2 Bf5 4. e3 Nc6 5. Bd3 Bxd3 6. cxd3 e5 7. dxe5 Nxe5 8. Qb3 Rb8 9. Ngf3 Bd6 10. Nxe5 Bxe5 11. 0-0 Bxh2+ 12. Kxh2 Ng4+ 13. Kg3 Qxg5 14. Qa4+ b5 15. Qxg4 Qe5+ 16. Qf4 Qxb2 17. Nb3 0-0 18. Nc5 Rb6 19. Nd7 Rg6+ 20. Kh2 Re8 21. Qxc7 h5 22. d4 1-0

[Event "Ostroda op"]
[Site "Ostroda"]
[Date "2006.08.09"]
[Round "4.9"]
[White "Bokiej, Przemyslaw"]
[Black "Obiedzinski, Pawel"]
[Result "1-0"]
[WhiteElo "1931"]
[BlackElo "2037"]
[PlyCount "117"]
[EventDate "2006.08.07"]
[EventType "swiss"]
[EventRounds "9"]
[EventCountry "POL"]
[SourceTitle "CBM 113 Extra"]
[Source "ChessBase"]
[SourceDate "2006.09.14"]
[SourceVersion "1"]
[SourceVersionDate "2006.09.14"]
[SourceQuality "1"]

1. e4 c6 2. Nc3 d5 3. Nf3 dxe4 4. Nxe4 Nd7 5. d4 Ngf6 6. Ng3 e5 7. dxe5 Ng4 8. e6 fxe6 9. Bc4 Qb6 10. Qe2 Ndf6 11. Bxe6 Qxf2+ 12. Qxf2 Nxf2 13. Bxc8 Bc5 14. Bxb7 Rd8 15. Bxc6+ Kf7 16. Rf1 Rd6 17. h3 Re6+ 18. Ne2 Ke7 19. Rxf2 Bxf2+ 20. Kxf2 Rxc6 21. Nc3 Rb8 22. Nd4 Rcc8 23. Nb3 h6 24. Be3 a5 25. a4 Rc4 26. Re1 Kf7 27. Nxa5 Rcc8 28. Nb3 Ne4+ 29. Nxe4 Rxc2+ 30. Re2 Rxe2+ 31. Kxe2 Rxb3 32. Bc1 Rb4 33. Nc3 Ke6 34. Kd3 g5 35. a5 Kd7 36. Kc2 g4 37. Bxh6 gxh3 38. gxh3 Rh4 39. Be3 Rxh3 40. Bb6 Kc6 41. Kb3 Rh2 42. Ka3 Rh3 43. Ka4 Rg3 44. Nb5 Rg5 45. Nd4+ Kb7 46. b4 Rh5 47. Bc5 Re5 48. Kb5 Rh5 49. Ne6 Rh7 50. Nf4 Rd7 51. a6+ Ka8 52. Kc6 Rc7+ 53. Kd6 Rh7 54. b5 Rf7 55. Ne6 Rh7 56. b6 Ra7 57. Kc6 Rh7 58. b7+ Rxb7 59. axb7+ 1-0